Clonal variability in tension wood formation in the juvenile and mature growth phases of Hevea brasiliensis (Record no. 55737)

MARC details
000 -LEADER
fixed length control field 00497nam a2200133Ia 4500
100 ## - MAIN ENTRY--AUTHOR NAME
Personal name Mathew Francis
245 #0 - TITLE STATEMENT
Title Clonal variability in tension wood formation in the juvenile and mature growth phases of Hevea brasiliensis
260 ## - PUBLICATION, DISTRIBUTION, ETC. (IMPRINT)
Name of publisher Preprints of papers: International Natural Rubber Conference, 6-8 November 2005, Cochin, India, p.107-112.
650 ## - SUBJECT ADDED ENTRY--TOPICAL TERM
Topical Term Clonal variability
650 ## - SUBJECT ADDED ENTRY--TOPICAL TERM
Topical Term Tension wood
700 ## - ADDED ENTRY--PERSONAL NAME
Personal name 6aReghu C P
942 ## - ADDED ENTRY ELEMENTS (KOHA)
Koha item type Journals
Holdings
Withdrawn status Lost status Damaged status Not for loan Home library Current library Shelving location Date acquired Koha item type
      Journals RRII Library RRII Library Rubber general 17/12/2021 Journals